Cambio y permanencia de América Latina en el contexto económico mundial /
Gorde:
| Egile nagusia: | |
|---|---|
| Beste egile batzuk: | |
| Formatua: | Texto |
| Gaiak: | |
| Etiketak: |
Etiketa erantsi
Etiketarik gabe, Izan zaitez lehena erregistro honi etiketa jartzen!
|
MARC
| LEADER | 00000 a a2200000 04500 | ||
|---|---|---|---|
| 001 | 41952 | ||
| 003 | |||
| 040 | |||
| 100 | |a Guerra-Borges, Alfredo | ||
| 245 | |a Cambio y permanencia de América Latina en el contexto económico mundial / |c Alfredo Guerra-Borges; Edelberto Torres-Rivas | ||
| 650 | |a DEVALUACION | ||
| 650 | |a AMERICA LATINA | ||
| 650 | |a INDUSTRIALIZACION | ||
| 650 | |a EMPRESAS TRANSNACIONALES | ||
| 650 | |a INVERSIONES EXTRANGERAS | ||
| 650 | |a EXPORTACIONES | ||
| 650 | |a FINANCIAMIENTO EXTERIOR | ||
| 700 | |a Torres-Rivas, Edelberto | ||
| 773 | |g volumen15, número58 (1984), páginas 55-83 | ||
| 999 | |c 22303 |d 22303 | ||
